000 00435cam a2200157ua 4500
003 OSt
008 250315b |||||||| |||| 00| 0 eng d
082 _a621.9
_bRAG/CO
100 _aRaghuvanshi, B. S
_9682
245 _aCourse in Workshop Technology, Vol,lI I(Machine tools)
250 _a9 / Riv &En
260 _aNew Delhi :
_bDhanpat Rai Publishing Co. Pvt. Ltd. ,
_c1998.
300 _a1001 ; .
500 _a*CSS
942 _cBK
999 _c10235
_d10235